Transactions of the Society for Computer Simulation International

Guardado en:
Detalles Bibliográficos
Formato: Seriadas
Publicado: 2000
Etiquetas: Agregar Etiqueta
Sin Etiquetas, Sea el primero en etiquetar este registro!

MARC

LEADER 00000nas a22000003a 4500
001 stu72594
005 20141121233938.1
008 011106s2000----------------------------d
040 |a STU  |b slo 
041 0
245 |a Transactions of the Society for Computer Simulation International 
260 |c 2000 
500 |a 2000 
500 |a 4 
500 |a 1-3 /CH: 4 
773 0 |t Transactions of the Society for Computer Simulation International  |w stu_us_cat*stu60654  |x 0740-6797  |7 nnas 
996 |d Vol. 17, 2000  |v Vol. 17  |y 2000  |l EE0103  |s A  |a 24  |w stu72594_0001